000 00287nam a22001337a 4500
008 180112b xxu||||| |||| 00| 0 eng d
020 _a9780787676216
041 _aeng
080 _a573
100 _a11
101 _aBIO
245 _aEndangered Species
_cBenson, S
942 _2udc
_cBK
999 _c40227
_d40227